Artisti dalle loro opere - Statistics

Statistiche generali
  • Questo quiz è stato fatto 269 volte
    259 dall'ultimo reset
  • Il punteggio medio è 36 su 72
Statistiche sulle risposte
con Immagini Hint Risposta % Corretto
1452 Leonardo da Vinci
98%
1445 Sandro Botticelli
95%
1475 Michelangelo Buonarroti
94%
1863 Edvard Munch
91%
1853 Vincent van Gogh
91%
1377 Filippo Brunelleschi
90%
1881 Pablo Picasso
89%
1840 Monet
87%
1862 Gustav Klimt
86%
1904 Salvador Dalì
83%
1907 Frida Kahlo
76%
1483 Raffaello Sanzio
76%
1571 Caravaggio
73%
1928 Andy Warhol
72%
1386 Donatello
72%
1974 Banksy
70%
1834 Edgar Degas
70%
1884 Amedeo Modigliani
69%
1791 Francesco Hayez
69%
1757 Antonio Canova
64%
1798 Eugène Delacroix
64%
1866 Wassily Kandinsky
63%
1899 Lucio Fontana
61%
1774 Caspar David Friedrich
60%
1267 Giotto
60%
1848 Paul Gauguin
60%
1632 Johannes Vermeer
59%
1775 William Turner
59%
1887 Marcel Duchamp
58%
1839 Paul Cézanne
58%
1841 Pierre-Auguste Renoir
57%
1898 René Magritte
57%
1869 Henri Matisse
56%
1415 Piero della Francesca
55%
1431 Andrea Mantegna
53%
1697 Canaletto
53%
1872 Piet Mondrian
53%
1840 Auguste Rodin
52%
1390 Jan van Eyck
50%
1598 Lorenzo Bernini
50%
1960 Maurizio Cattelan
47%
1882 Umberto Boccioni
47%
1912 Jackson Pollock
46%
1859 Georges Seurat
42%
1526 Giuseppe Arcimboldo
42%
1606 Rembrandt
42%
1746 Francisco Goya
40%
1868 Giuseppe Pellizza
40%
1933 Piero Manzoni
39%
1946 Marina Abramović
37%
1760 Katsushika Hokusai
34%
1958 Keith Haring
33%
500 a.C. Mirone
33%
1926 Arnaldo Pomodoro
31%
1898 Escher
31%
1748 Jacques-Louis David
30%
1488 Tiziano Vecellio
30%
1882 Edward Hopper
25%
1511 Giorgio Vasari
20%
1518 Jacopo Tintoretto
19%
1987 Jago
19%
1890 Giorgio Morandi
17%
200 a.C. Alessandro di Antiochia
15%
1829 John Everett Millais
15%
1891 Grant Wood
14%
1955 Jeff Koons
14%
1834 Frédéric-Auguste Bartholdi
13%
1885 Luigi Russolo
11%
1954 Anish Kapoor
10%
1974 Kaws
10%
1941 Arturo Di Modica
9%
1867 Gutzon Borglum
7%
Nessun quiz corrispondente trovato
Distribuzione punteggi
Percentuale di utenti per punteggio
Percentile per numero di risposta
I tuoi punteggi nel tempo
Non hai fatto questo quiz dall'ultimo reset